MARC details
| 000 -CABECERA |
| campo de control de longitud fija |
02275cam a2200289Ia 4500 |
| 001 - NÚMERO DE CONTROL |
| campo de control |
991016900889704336 |
| 005 - FECHA Y HORA DE LA ÚLTIMA TRANSACCIÓN |
| campo de control |
20260310163236.0 |
| 008 - DATOS DE LONGITUD FIJA--INFORMACIÓN GENERAL |
| campo de control de longitud fija |
070602s2008 njua b 001 0 eng d |
| 020 ## - NÚMERO INTERNACIONAL ESTÁNDAR DEL LIBRO |
| Número Internacional Estándar del Libro |
9780470087039 (hbk.) |
| 020 ## - NÚMERO INTERNACIONAL ESTÁNDAR DEL LIBRO |
| Número Internacional Estándar del Libro |
047008703X (hbk.) |
| 035 ## - NÚMERO DE CONTROL DEL SISTEMA |
| Número de control de sistema |
(CaACU)2657068-01ucalg_inst |
| 035 ## - NÚMERO DE CONTROL DEL SISTEMA |
| Número de control de sistema |
(OCoLC)i9780470087039 |
| 035 ## - NÚMERO DE CONTROL DEL SISTEMA |
| Número de control de sistema |
(OCoLC)154699414 |
| 040 ## - FUENTE DE LA CATALOGACIÓN |
| Centro catalogador/agencia de origen |
BTCTA |
| Centro/agencia transcriptor |
BTCTA |
| Centro/agencia modificador |
BAKER |
| -- |
YDXCP |
| -- |
BWX |
| -- |
ZQP |
| -- |
MIA |
| -- |
UtOrBLW |
| 041 ## - CÓDIGO DE LENGUA |
| Código de lengua del texto/banda sonora o título independiente |
English |
| 090 ## - LOCALMENTE ASIGNADO TIPO-LC NÚMERO DE CLASIFICACIÓN (OCLC); NÚMERO DE CLASIFICACIÓN LOCAL (RLIN) |
| Número de clasificación (OCLC) (R) ; Numero de clasificación, CALL (RLIN) (NR) |
HD30.213 .P48 2008 |
| 100 ## - ENTRADA PRINCIPAL--NOMBRE DE PERSONA |
| Nombre de persona |
Piccoli, Gabriele. |
| 9 (RLIN) |
26874 |
| 245 10 - MENCIÓN DE TÍTULO |
| Título |
Information systems for managers |
| Resto del título |
: texts & cases |
| Mención de responsabilidad, etc. |
/ Gabriele Piccoli. |
| 260 ## - PUBLICACIÓN, DISTRIBUCIÓN, ETC. |
| Lugar de publicación, distribución, etc. |
Hoboken, NJ : |
| Nombre del editor, distribuidor, etc. |
J. Wiley, |
| Fecha de publicación, distribución, etc. |
c2008. |
| 300 ## - DESCRIPCIÓN FÍSICA |
| Extensión |
xiv, 465 p. : |
| Otras características físicas |
ill. ; |
| Dimensiones |
25 cm. |
| 504 ## - NOTA DE BIBLIOGRAFÍA, ETC. |
| Nota de bibliografía, etc. |
Includes bibliographical references and index. |
| 505 ## - NOTA DE CONTENIDO CON FORMATO |
| Nota de contenido con formato |
Part I: Foundations — Information Systems and the Role of General and Functional Managers — Information Systems Defined — Organizational Information Systems and Their Impact — Part II: Competing in the Digital Age — Digital Disruption and the Competitive Environment — Digital Transformation, Innovation, and Entrepreneurship — Part III: The Strategic Use of Information Systems — Strategic Information Systems Planning — Value Creation and Strategic Information Systems — Digital Value Creation — Digital Value Capture — Part IV: Getting IT Done — Managing Information Systems — Creating Information Systems in the Digital Age — Information Systems Trends — Cybersecurity, Privacy, and Ethics |
| 520 ## - SUMARIO, ETC. |
| Sumario, etc. |
Information Systems for Managers is a text for managerial/MBA students intended to actively engage them in discussions and activities around information systems and information technology. Piccoli has interwoven many real-world examples into the text that show students how IS will effect their futures in management positions. Each chapter starts off with a mini-case to get the student's attention, build excitement, and foster interactive discussions. A plethora of unique, full-length cases are also composed within the text to hold student's attention and show them how IS and IT are of great interest to them as managers. |
| 650 #0 - PUNTO DE ACCESO ADICIONAL DE MATERIA--TÉRMINO DE MATERIA |
| Término de materia o nombre geográfico como elemento de entrada |
Management information systems |
| 9 (RLIN) |
1250 |
| 650 #0 - PUNTO DE ACCESO ADICIONAL DE MATERIA--TÉRMINO DE MATERIA |
| Término de materia o nombre geográfico como elemento de entrada |
Business |
| Subdivisión general |
Data processing |
| 9 (RLIN) |
7722 |
| 942 ## - ELEMENTOS DE ENTRADA AGREGADA (KOHA) |
| Fuente del sistema de clasificación o colocación |
Clasificación de Library of Congress |